Statistics for Auckland Picture Quiz

Click here to take the quiz!

General Stats

  • This quiz has been taken 62 times
  • The average score is 9 of 12

Answer Stats

Answer% Correct
Sky Tower
96%
Auckland Harbour Bridge
89%
Rangitoto Island
89%
One Tree Hill
86%
War Memorial Museum
79%
Piha
77%
Waitemata Harbour
72%
Town Hall
70%
Ferry Building
65%
Civic Theatre
63%
University Clock Tower
51%
Mt Victoria
42%

Score Distribution

Percentile by Number Answered

Percent of People with Each Score

Your Score History

You have not taken this quiz